El Diálogo de reconciliación nacional: un paso importante hacia la reconciliación de Centroamérica /
Gardado en:
| Autor Principal: | |
|---|---|
| Formato: | Texto |
| Materias: | |
| Etiquetas: |
Engadir etiqueta
Sen Etiquetas, Sexa o primeiro en etiquetar este rexistro!
|
MARC
| LEADER | 00000 a a2200000 04500 | ||
|---|---|---|---|
| 001 | 13975 | ||
| 003 | |||
| 040 | |||
| 100 | |a Herrera Herrera, Carlos Eduardo | ||
| 245 | |a El Diálogo de reconciliación nacional: |b un paso importante hacia la reconciliación de Centroamérica / |c Carlos Eduardo Herrera Herrera | ||
| 650 | |a RELACIONES INTERNACIONALES | ||
| 650 | |a DEMOCRACIA | ||
| 650 | |a LIBERTAD | ||
| 650 | |a DEMOCRATIZACION | ||
| 650 | |a IGUALDAD DE OPORTUNIDADES | ||
| 773 | |g número 10; páginas 69-74 | ||
| 999 | |c 35494 |d 35494 | ||
